[Event "British Rapidplay"]
[Site "Peterborough"]
[Date "2024.03.03"]
[Round "11"]
[White "Pang, Ethan"]
[Black "Alizada, Eldar"]
[Result "1-0"]
[WhiteElo "1880"]
[BlackElo "1998"]
[PlyCount "43"]
[EventDate "2024.03.02"]
[EventType "swiss (rapid)"]
[EventRounds "11"]
[EventCountry "ENG"]
[SourceTitle "CB10_2024"]
[SourceDate "2024.03.06"]
[SourceVersion "1"]
[SourceVersionDate "2024.03.06"]
[SourceQuality "1"]

1. e4 e6 2. d4 d5 3. Bd3 dxe4 4. Bxe4 Nf6 5. Bf3 Be7 6. Ne2 0-0 7. Nbc3 Nd5 8. 0-0 b6 9. Nxd5 exd5 10. c4 c6 11. cxd5 cxd5 12. Nf4 Be6 13. Qe2 Qd6 14. Nxe6 fxe6 15. Re1 Bf6 16. Qxe6+ Qxe6 17. Rxe6 Rd8 18. Bf4 Na6 19. Rae1 Kf7 20. Bd6 Re8 21. Rxe8 Rxe8 22. Bxd5+ 1-0

[Event "BCF-chT2 2324 (4NCL)"]
[Site "England"]
[Date "2024.02.10"]
[Round "5.46"]
[White "Alizada, Eldar"]
[Black "Rogacewicz, Mikolaj"]
[Result "1/2-1/2"]
[WhiteElo "2002"]
[BlackElo "1950"]
[PlyCount "161"]
[EventDate "2023.11.11"]
[EventType "team-tourn"]
[EventRounds "11"]
[EventCountry "ENG"]
[SourceTitle "CB11_2024"]
[SourceDate "2024.03.13"]
[SourceVersion "1"]
[SourceVersionDate "2024.03.13"]
[SourceQuality "1"]
[WhiteTeam "Schach Attack"]
[BlackTeam "Sussex Martlets"]
[WhiteTeamCountry "ENG"]
[BlackTeamCountry "ENG"]

1. d4 e6 2. c4 Nf6 3. Nc3 Bb4 4. Qc2 0-0 5. Bg5 d5 6. cxd5 exd5 7. e3 h6 8. Bh4 c6 9. Bd3 Nbd7 10. Nge2 Re8 11. 0-0 a5 12. Na4 Qc7 13. Rac1 Bd6 14. Bg3 Nh5 15. Bxd6 Qxd6 16. Bh7+ Kh8 17. Bf5 Ndf6 18. Bxc8 Raxc8 19. Nb6 Rcd8 20. Qc5 Qc7 21. h3 Ne4 22. Qxa5 Ra8 23. Qb4 Rxa2 24. Nxd5 Qa5 25. Qxa5 Rxa5 26. Ndf4 Nhf6 27. Ra1 Rb5 28. Nd3 Nd5 29. Rfc1 Rb3 30. Rd1 Nd6 31. Nec1 Rb5 32. b3 Kg8 33. Rd2 f6 34. Rda2 Nc7 35. Ra5 Kf7 36. Kf1 Rxa5 37. Rxa5 Ndb5 38. Nb2 Ke6 39. Ncd3 b6 40. Ra1 Nd5 41. Nc4 Kd7 42. g4 Kc7 43. Kg2 Ne7 44. Nf4 Nc8 45. Kf3 Nbd6 46. Nxd6 Kxd6 47. b4 Re7 48. e4 g5 49. Ra8 Kc7 50. Nh5 Rf7 51. Ke3 Kb7 52. Ra1 Nd6 53. f4 gxf4+ 54. Kxf4 Rf8 55. Rf1 Nb5 56. Ke3 Ra8 57. Rd1 Rf8 58. h4 Kc7 59. Rf1 Ra8 60. Rd1 Rf8 61. Rf1 Ra8 62. Nxf6 Ra3+ 63. Kf4 Nxd4 64. g5 hxg5+ 65. hxg5 c5 66. bxc5 bxc5 67. g6 Kd8 68. Kg4 Ne6 69. Nd5 Ra2 70. Rf6 Kd7 71. Rf7+ Kd6 72. Kg3 Ke5 73. Nf6 Ra1 74. Nd7+ Kxe4 75. Kg2 Nf4+ 76. Rxf4+ Kxf4 77. g7 Ra2+ 78. Kg1 Ra3 79. g8Q Rg3+ 80. Qxg3+ Kxg3 81. Nxc5 1/2-1/2

[Event "BCF-chT2 2324 (4NCL)"]
[Site "England"]
[Date "2023.11.11"]
[Round "1.32"]
[White "Finn, Peter"]
[Black "Alizada, Eldar"]
[Result "1/2-1/2"]
[WhiteElo "2177"]
[BlackElo "1993"]
[PlyCount "98"]
[EventDate "2023.11.11"]
[EventType "team-tourn"]
[EventRounds "11"]
[EventCountry "ENG"]
[SourceTitle "CB46_2023"]
[SourceDate "2023.11.15"]
[SourceVersion "1"]
[SourceVersionDate "2023.11.15"]
[SourceQuality "1"]
[WhiteTeam "CSC/Kingston"]
[BlackTeam "Schach Attack"]
[WhiteTeamCountry "ENG"]
[BlackTeamCountry "ENG"]

1. d4 d5 2. Nf3 Nf6 3. g3 Bf5 4. c4 c6 5. Nc3 e6 6. Nh4 Bg6 7. Nxg6 hxg6 8. Bg2 Nbd7 9. 0-0 dxc4 10. e4 Nb6 11. Be3 Be7 12. a4 a5 13. Qe2 0-0 14. Rfd1 Qc7 15. Bf4 Qd7 16. Bf3 Bd8 17. h4 Bc7 18. Bg5 Nh7 19. Be3 Rfe8 20. Kg2 Qe7 21. e5 Qb4 22. Bd2 Qe7 23. Ne4 Red8 24. Bc3 Ra7 25. Nd2 Nd5 26. Qxc4 g5 27. Rh1 f5 28. hxg5 Qxg5 29. Bxd5 Rxd5 30. Nf3 Qg6 31. Rh4 Ng5 32. Nxg5 Qxg5 33. Rah1 Kf7 34. Qe2 Ra8 35. Bd2 Qg6 36. Rh5 Bd8 37. Be3 Be7 38. Rh7 Bg5 39. Bxg5 Qxg5 40. f4 Qg4 41. Qe3 Rad8 42. R7h4 Qg6 43. Rd1 c5 44. Rc1 Rxd4 45. Rxc5 Rd3 46. Qxd3 Rxd3 47. Rc7+ Kg8 48. Rc8+ Kf7 49. Rc7+ Kg8 1/2-1/2

[Event "Berkshire Berks & Bucks op-A"]
[Site "Berkshire"]
[Date "2023.08.28"]
[Round "5"]
[White "Alizada, Eldar"]
[Black "Arora, Tashika"]
[Result "1/2-1/2"]
[WhiteElo "2001"]
[BlackElo "1836"]
[PlyCount "143"]
[EventDate "2023.08.26"]
[EventType "swiss"]
[EventRounds "6"]
[EventCountry "ENG"]
[SourceTitle "EXT 2024"]
[Source "ChessBase"]
[SourceDate "2023.10.10"]
[SourceVersion "1"]
[SourceVersionDate "2023.10.10"]
[SourceQuality "1"]

1. d4 Nf6 2. c4 e6 3. Nc3 Bb4 4. Nf3 0-0 5. Bg5 d5 6. e3 h6 7. Bh4 c6 8. Bd3 Qa5 9. Qc2 dxc4 10. Bxc4 Nd5 11. Rc1 Nd7 12. 0-0 N7b6 13. Bb3 Nxc3 14. bxc3 Ba3 15. Rb1 Qh5 16. h3 f5 17. Bg3 Be7 18. c4 Nd7 19. c5 Nf6 20. Ne5 Nd5 21. Rfe1 Bf6 22. Nd3 g5 23. Bd6 Rf7 24. e4 fxe4 25. Rxe4 Qg6 26. f3 Bd7 27. Be5 Be7 28. Re2 b6 29. Bxd5 exd5 30. cxb6 axb6 31. Rxb6 Bd8 32. Rb8 Rxb8 33. Bxb8 Bf5 34. Qc5 Rb7 35. Ne5 Qe6 36. Qd6 Bb6 37. Qxe6+ Bxe6 38. Nxc6 Bd7 39. Ne7+ Kf7 40. Bd6 Bxd4+ 41. Kh2 Be6 42. Nc6 Bf6 43. Be5 Rb6 44. Nd4 Bd7 45. Bxf6 Kxf6 46. a3 Ra6 47. Re3 Ra4 48. Ne2 d4 49. Rb3 Be6 50. Rb4 Rxb4 51. axb4 d3 52. Nc3 Ke5 53. b5 Kd4 54. Nd1 Kc5 55. Nf2 Bf5 56. Kg3 Kxb5 57. Nd1 Kb4 58. Kf2 Kb3 59. Ne3 Bd7 60. h4 Kc3 61. hxg5 hxg5 62. g3 d2 63. f4 gxf4 64. gxf4 Bg4 65. Nd5+ Kd4 66. Ne3 Ke4 67. f5 Kd3 68. f6 Bh5 69. Nd1 Kc2 70. Ne3+ Kd3 71. Nd1 Kc2 72. Ne3+ 1/2-1/2

[Event "BCF-chT2 2223 (4NCL)"]
[Site "England"]
[Date "2023.05.01"]
[Round "11.48"]
[White "Alizada, Eldar"]
[Black "Murawski, Jan"]
[Result "1-0"]
[WhiteElo "2096"]
[BlackElo "2016"]
[PlyCount "71"]
[EventDate "2022.10.22"]
[EventType "team-tourn"]
[EventRounds "11"]
[EventCountry "ENG"]
[SourceTitle "EXT 2024"]
[Source "ChessBase"]
[SourceDate "2023.10.10"]
[SourceVersion "1"]
[SourceVersionDate "2023.10.10"]
[SourceQuality "1"]
[WhiteTeam "Schach Attack"]
[BlackTeam "Oxford"]
[WhiteTeamCountry "ENG"]
[BlackTeamCountry "ENG"]

1. d4 Nf6 2. c4 e6 3. Nc3 d5 4. cxd5 exd5 5. Bg5 Be7 6. e3 c6 7. Bd3 h6 8. Bh4 Ne4 9. Bxe7 Qxe7 10. Bxe4 dxe4 11. Qc2 Bf5 12. Nge2 0-0 13. 0-0 Nd7 14. Ng3 Bg6 15. Rfd1 Nf6 16. a3 h5 17. Nge2 Bf5 18. h3 Rfd8 19. b4 a5 20. b5 c5 21. Na4 cxd4 22. Nxd4 Bg6 23. Nb6 Ra7 24. Nc8 Rxc8 25. Qxc8+ Kh7 26. Qb8 b6 27. Nc6 Rb7 28. Qa8 Qc7 29. Rd8 Kh6 30. Rad1 Bf5 31. R8d6 Kg5 32. Qf8 Kg6 33. h4 Be6 34. Qh8 Ng4 35. R1d5 f6 36. Qxh5# 1-0

[Event "Hammersmith CC op"]
[Site "London"]
[Date "2022.06.05"]
[Round "4"]
[White "Browning, Alex"]
[Black "Alizada, Eldar"]
[Result "1-0"]
[WhiteElo "2239"]
[BlackElo "2059"]
[PlyCount "94"]
[EventDate "2022.06.04"]
[EventType "swiss"]
[EventRounds "6"]
[EventCountry "ENG"]
[SourceTitle "CBM 208 Extra"]
[Source "ChessBase"]
[SourceDate "2022.07.31"]
[SourceVersion "1"]
[SourceVersionDate "2022.07.31"]
[SourceQuality "1"]

1. c4 e6 2. Nf3 Nf6 3. g3 d5 4. Bg2 Be7 5. 0-0 0-0 6. d4 b6 7. cxd5 Nxd5 8. e4 Nf6 9. Nc3 Bb7 10. Re1 Re8 11. Qc2 Nc6 12. Rd1 Nb4 13. Qb1 Qc8 14. a3 Na6 15. b4 c5 16. dxc5 bxc5 17. b5 Nc7 18. Ne5 Rd8 19. Be3 Rxd1+ 20. Qxd1 Nce8 21. Qe2 Qc7 22. Nc4 Nd7 23. Bf4 e5 24. Be3 Ndf6 25. Rc1 Nd6 26. Nxd6 Bxd6 27. Bg5 Nd7 28. Rd1 h6 29. Be3 Nf6 30. Qc4 Be7 31. f3 Rd8 32. Rxd8+ Qxd8 33. Bf1 Qd6 34. Qa4 Qb6 35. Bc4 Bf8 36. Qb3 Qc7 37. a4 g5 38. g4 Kg7 39. Kg2 Qd7 40. h3 Qc7 41. Ne2 Qd7 42. Ng3 Kg8 43. a5 Qc7 44. Bd2 Ne8 45. Nf5 Nd6 46. Nxd6 Bxd6 47. a6 Ba8 1-0

[Event "London Central op-A"]
[Site "London"]
[Date "2022.04.24"]
[Round "5"]
[White "Alizada, Eldar"]
[Black "Franco, Gaston Nicolas"]
[Result "1-0"]
[WhiteElo "1937"]
[BlackElo "2041"]
[PlyCount "151"]
[EventDate "2022.04.22"]
[EventType "swiss"]
[EventRounds "5"]
[EventCountry "ENG"]
[SourceTitle "EXT 2024"]
[Source "ChessBase"]
[SourceDate "2023.10.10"]
[SourceVersion "1"]
[SourceVersionDate "2023.10.10"]
[SourceQuality "1"]

1. d4 Nf6 2. c4 c5 3. d5 b5 4. cxb5 a6 5. bxa6 d6 6. Nc3 Bxa6 7. e4 Bxf1 8. Kxf1 g6 9. g3 Bg7 10. Kg2 0-0 11. Nf3 Nbd7 12. Re1 Ra6 13. Qe2 Qa8 14. Nd2 Rb8 15. Nc4 Nb6 16. Nxb6 Raxb6 17. a4 Rb4 18. Ra3 Nd7 19. a5 Ne5 20. Na2 Rb3 21. Rxb3 Rxb3 22. Qc2 c4 23. Re3 Bh6 24. Rxb3 cxb3 25. Qxb3 Bxc1 26. Nxc1 Qxa5 27. Nd3 Nd7 28. Qc3 Qa4 29. b4 Qb5 30. h4 h5 31. Qd4 Nf6 32. Kf3 Ng4 33. Qc3 Kh7 34. Kg2 Nf6 35. f3 Nd7 36. Kf2 Nb6 37. Ke3 Nc4+ 38. Kd4 Ne5 39. Nxe5 dxe5+ 40. Ke3 Qf1 41. Qxe5 Qe1+ 42. Kd3 Qxb4 43. Qc3 Qb5+ 44. Ke3 Qf1 45. Qd2 Qg1+ 46. Kf4 f6 47. Qc3 Kh6 48. e5 g5+ 49. hxg5+ fxg5+ 50. Kf5 Qxg3 51. Qc6+ Kg7 52. Qg6+ Kf8 53. Qh6+ Ke8 54. Qxh5+ Kd8 55. Ke6 Kc7 56. Qg4 Qh4 57. Qxh4 gxh4 58. Kxe7 h3 59. d6+ Kb7 60. d7 h2 61. d8Q h1Q 62. Qd5+ Ka7 63. e6 Qh4+ 64. Kd7 Qa4+ 65. Qc6 Qd4+ 66. Kc8 Qh8+ 67. Kd7 Qd4+ 68. Qd6 Qa4+ 69. Kd8 Ka8 70. e7 Qa5+ 71. Kc8 Qf5+ 72. Kd8 Qa5+ 73. Ke8 Qh5+ 74. Kd7 Qf5+ 75. Qe6 Qh7 76. Qg8+ 1-0

[Event "ECF Charity Marathon UKR"]
[Site "Chess.com INT"]
[Date "2022.04.03"]
[Round "?"]
[White "Alizada, Eldar"]
[Black "Arkell, Keith C"]
[Result "1-0"]
[WhiteElo "1937"]
[BlackElo "2383"]
[PlyCount "111"]
[EventDate "2022.04.02"]
[EventType "swiss (blitz)"]
[EventRounds "74"]
[EventCountry "USA"]
[SourceTitle "CBM 207 Extra"]
[Source "ChessBase"]
[SourceDate "2022.05.31"]
[SourceVersion "1"]
[SourceVersionDate "2022.05.31"]
[SourceQuality "1"]

1. d4 e6 2. c4 Bb4+ 3. Nd2 c5 4. e3 cxd4 5. exd4 Nf6 6. Ngf3 0-0 7. Bd3 d5 8. 0-0 dxc4 9. Nxc4 Nc6 10. Nce5 Be7 11. Nxc6 bxc6 12. Qc2 Bb7 13. Bg5 g6 14. Ne5 Nd5 15. Bxe7 Qxe7 16. Nxc6 Bxc6 17. Qxc6 Nb4 18. Qc4 Rac8 19. Qb3 Nxd3 20. Qxd3 Rfd8 21. Rac1 Rxc1 22. Rxc1 Qb4 23. Qc3 Qxd4 24. Qxd4 Rxd4 25. g3 Rd2 26. Rc8+ Kg7 27. Rc7 Rxb2 28. Rxa7 g5 29. a4 g4 30. a5 Ra2 31. a6 Kg6 32. Ra8 h5 33. a7 Kf5 34. Kg2 Ke4 35. h3 e5 36. hxg4 hxg4 37. Rg8 Rxa7 38. Rxg4+ Kd3 39. Rg7 e4 40. g4 Ra2 41. Kg3 f6 42. Rg6 Ra6 43. g5 Ra1 44. Rxf6 Kd4 45. Kf4 Ra2 46. Rd6+ Kc5 47. Rf6 Kd4 48. Rd6+ Kc5 49. Re6 Kd5 50. Re5+ Kd6 51. Rxe4 Rxf2+ 52. Kg4 Rf8 53. g6 Kd5 54. Re2 Kd6 55. Kg5 Rf2 56. Rxf2 1-0

[Event "ECF Charity Marathon UKR"]
[Site "Chess.com INT"]
[Date "2022.04.02"]
[Round "?"]
[White "Hebden, Mark"]
[Black "Alizada, Eldar"]
[Result "1-0"]
[WhiteElo "2448"]
[BlackElo "1937"]
[PlyCount "107"]
[EventDate "2022.04.02"]
[EventType "swiss (blitz)"]
[EventRounds "74"]
[EventCountry "USA"]
[SourceTitle "CBM 207 Extra"]
[Source "ChessBase"]
[SourceDate "2022.05.31"]
[SourceVersion "1"]
[SourceVersionDate "2022.05.31"]
[SourceQuality "1"]

1. e4 e6 2. d4 d5 3. Nc3 dxe4 4. Nxe4 Nd7 5. Nf3 Ngf6 6. Bg5 Be7 7. Nxf6+ Nxf6 8. Bd3 0-0 9. Qe2 c5 10. dxc5 Qa5+ 11. c3 Qxc5 12. 0-0 h6 13. Bh4 Qh5 14. Rfe1 Rd8 15. Rad1 Bd7 16. Bg3 Bc6 17. Ne5 Qxe2 18. Bxe2 Be4 19. Bc4 Rxd1 20. Rxd1 Rd8 21. Rxd8+ Bxd8 22. f3 Bd5 23. Bf2 Bxc4 24. Nxc4 a6 25. a4 Bc7 26. Bb6 Nd5 27. Bxc7 Nxc7 28. a5 Nd5 29. Kf2 Kf8 30. Nd6 b6 31. c4 Nb4 32. axb6 Ke7 33. c5 Nd3+ 34. Ke3 Nxc5 35. b7 Nd7 36. Ne4 Nb8 37. Kd4 Kd7 38. g4 Kc6 39. b4 f6 40. Nc5 e5+ 41. Ke4 a5 42. bxa5 Kxc5 43. Kf5 Kb5 44. Kg6 Kxa5 45. Kxg7 Kb6 46. Kxh6 Kxb7 47. Kg7 Nd7 48. h4 Nc5 49. Kxf6 e4 50. fxe4 Nxe4+ 51. Kg6 Kc7 52. h5 Kd7 53. h6 Ke6 54. h7 1-0

[Event "Leamington Spa 4NCL op 26th"]
[Site "Leamington Spa"]
[Date "2021.09.11"]
[Round "3"]
[White "Pollack, Oscar"]
[Black "Alizada, Eldar"]
[Result "1/2-1/2"]
[WhiteElo "2027"]
[BlackElo "1922"]
[PlyCount "115"]
[EventDate "2021.09.10"]
[EventType "swiss"]
[EventRounds "5"]
[EventCountry "ENG"]
[SourceTitle "CBM 204 Extra"]
[Source "ChessBase"]
[SourceDate "2021.11.30"]
[SourceVersion "1"]
[SourceVersionDate "2021.11.30"]
[SourceQuality "1"]

1. e4 e6 2. d4 d5 3. Nc3 dxe4 4. Nxe4 Nd7 5. Nf3 Ngf6 6. Nxf6+ Nxf6 7. Bd3 Be7 8. 0-0 0-0 9. c3 b6 10. Re1 Bb7 11. Bg5 c5 12. Qe2 cxd4 13. Nxd4 Qd5 14. Nf3 h6 15. Bf4 Rad8 16. Rad1 Qh5 17. Nd4 Qxe2 18. Rxe2 Nd5 19. Bg3 Bf6 20. Nb5 Bg5 21. Ree1 Bf4 22. Bxf4 Nxf4 23. Bf1 Rd5 24. Rxd5 Nxd5 25. a3 Ra8 26. g3 Nf6 27. Rd1 Kf8 28. Bg2 Bxg2 29. Kxg2 Ke7 30. Nd4 Rc8 31. f4 g6 32. Kf3 h5 33. Rc1 Nd7 34. Re1 Nc5 35. f5 Kf6 36. fxe6 Nxe6 37. Nxe6 fxe6 38. Rd1 Rc7 39. Ke4 Rc4+ 40. Rd4 Rc6 41. Rd7 a5 42. Kd4 e5+ 43. Kd5 Re6 44. Ke4 Rc6 45. Rd8 Re6 46. Rd5 Rc6 47. Rb5 Re6 48. c4 Rc6 49. c5 bxc5 50. Rxa5 Rb6 51. Rxc5 Rxb2 52. Rc6+ Kg7 53. Kxe5 Rxh2 54. a4 Ra2 55. Rc4 Ra3 56. Kf4 Kf6 57. Rc6+ Kf7 58. Rc4 1/2-1/2

[Event "Checkmate Covid Rematch"]
[Site "Chess.com INT"]
[Date "2021.06.05"]
[Round "?"]
[White "Alizada, Eldar"]
[Black "Starley, Robert"]
[Result "0-1"]
[WhiteElo "1922"]
[BlackElo "2084"]
[PlyCount "130"]
[EventDate "2021.06.05"]
[EventType "swiss (blitz)"]
[EventRounds "20"]
[EventCountry "ENG"]
[SourceTitle "CBM 202 Extra"]
[Source "ChessBase"]
[SourceDate "2021.07.31"]
[SourceVersion "1"]
[SourceVersionDate "2021.07.31"]
[SourceQuality "1"]

1. d4 Nf6 2. c4 e6 3. Nf3 d5 4. Nc3 Bb4 5. Bg5 0-0 6. e3 h6 7. Bh4 b6 8. cxd5 exd5 9. Bd3 Bb7 10. 0-0 Nbd7 11. a3 Bxc3 12. bxc3 c5 13. c4 dxc4 14. Bxc4 cxd4 15. Nxd4 Rc8 16. Rc1 Ne5 17. Ba2 Ng6 18. Bg3 Ne4 19. Qd3 Qf6 20. Nb5 Nc5 21. Qd4 Ba6 22. Qxf6 gxf6 23. Bc4 Ne5 24. Bxe5 fxe5 25. Nd6 Bxc4 26. Nxc8 Bxf1 27. Ne7+ Kg7 28. Kxf1 Rd8 29. Ke2 f6 30. Nc6 Rd7 31. Rd1 Rc7 32. Nb4 Kf7 33. Rd6 Ke7 34. Rd2 Ke6 35. f3 a5 36. Nd3 Nxd3 37. Rxd3 Rc2+ 38. Kf1 b5 39. Rb3 Ra2 40. Rxb5 Rxa3 41. Rb6+ Kf5 42. Ra6 a4 43. e4+ Kg6 44. h3 Ra2 45. Kg1 a3 46. Kh2 Ra1 47. Kg3 a2 48. Kh2 h5 49. h4 Kf7 50. g4 hxg4 51. fxg4 Kg6 52. h5+ Kg5 53. h6 Kxh6 54. Rxf6+ Kg5 55. Ra6 Kxg4 56. Ra4 Kf4 57. Kg2 Ke3 58. Kh2 Rf1 59. Rxa2 Rf2+ 60. Rxf2 Kxf2 61. Kh1 Kf3 62. Kg1 Kxe4 63. Kf1 Ke3 64. Ke1 e4 65. Kf1 Kd2 0-1

[Event "Checkmate Covid Rematch"]
[Site "Chess.com INT"]
[Date "2021.06.05"]
[Round "?"]
[White "Badacsonyi, Frankie"]
[Black "Alizada, Eldar"]
[Result "1/2-1/2"]
[WhiteElo "1511"]
[BlackElo "1922"]
[PlyCount "160"]
[EventDate "2021.06.05"]
[EventType "swiss (blitz)"]
[EventRounds "20"]
[EventCountry "ENG"]
[SourceTitle "CBM 202 Extra"]
[Source "ChessBase"]
[SourceDate "2021.07.31"]
[SourceVersion "1"]
[SourceVersionDate "2021.07.31"]
[SourceQuality "1"]

1. d4 e6 2. e4 d5 3. Nc3 dxe4 4. Nxe4 Nd7 5. Nf3 Ngf6 6. Bg5 Be7 7. Nxf6+ Nxf6 8. Bd3 0-0 9. Qe2 c5 10. dxc5 Qa5+ 11. c3 Qxc5 12. Be3 Qc7 13. 0-0 b6 14. Bd4 Bb7 15. Rfe1 Rad8 16. Rad1 Bc5 17. Bxf6 gxf6 18. Be4 Bxe4 19. Qxe4 f5 20. Qh4 Be7 21. Qh5 Rxd1 22. Rxd1 Rd8 23. Ne1 Rxd1 24. Qxd1 Qd6 25. Qxd6 Bxd6 26. h3 Kg7 27. f3 e5 28. Kf2 Kf6 29. Ke2 Ke6 30. Kd3 Kd5 31. c4+ Kc5 32. Nc2 e4+ 33. fxe4 fxe4+ 34. Kxe4 Kxc4 35. Ne3+ Kc5 36. Kd3 Be5 37. b3 a5 38. Ng4 Bg7 39. Nf2 Kb4 40. Kc2 b5 41. Nd3+ Ka3 42. Kb1 a4 43. bxa4 bxa4 44. Nf4 Kb4 45. Kc2 Kc4 46. Ne2 Be5 47. Nc1 h5 48. Nd3 Bd6 49. Nb2+ Kd4 50. Kd2 a3 51. Nd1 Bf4+ 52. Ke2 h4 53. Kf3 Bg3 54. Ke2 Bf4 55. Kf3 Bc1 56. Ke2 Ke4 57. Nc3+ Kf4 58. Kf2 Be3+ 59. Ke2 Bc5 60. Nd5+ Kg3 61. Kf1 f5 62. Nc3 Be7 63. Ne2+ Kh2 64. Kf2 Bd6 65. Kf3 Bc5 66. Nf4 Kg1 67. g3 hxg3 68. Kxg3 Bd6 69. h4 Kf1 70. h5 Bf8 71. Nd3 Ke2 72. Ne5 Kd1 73. Nc4 Ke2 74. Kf4 Kd3 75. Nxa3 Bxa3 76. Kxf5 Bb2 77. h6 Kc4 78. h7 Kb4 79. a4 Kxa4 80. h8Q Bxh8 1/2-1/2

[Event "Checkmate Covid Rematch"]
[Site "Chess.com INT"]
[Date "2021.06.05"]
[Round "?"]
[White "Rendle, Thomas E"]
[Black "Alizada, Eldar"]
[Result "1-0"]
[WhiteElo "2365"]
[BlackElo "1922"]
[PlyCount "79"]
[EventDate "2021.06.05"]
[EventType "swiss (blitz)"]
[EventRounds "20"]
[EventCountry "ENG"]
[SourceTitle "CBM 202 Extra"]
[Source "ChessBase"]
[SourceDate "2021.07.31"]
[SourceVersion "1"]
[SourceVersionDate "2021.07.31"]
[SourceQuality "1"]

1. f4 d5 2. Nf3 Nf6 3. g3 e6 4. Bg2 Be7 5. 0-0 0-0 6. d3 c5 7. Nc3 Nc6 8. e4 dxe4 9. dxe4 Qxd1 10. Rxd1 b6 11. e5 Ne8 12. Ng5 Bb7 13. Rd7 Bxg5 14. Rxb7 Na5 15. fxg5 Nxb7 16. Bxb7 Rb8 17. Bc6 Nc7 18. Be3 Rfd8 19. a4 Nd5 20. Nxd5 exd5 21. Rd1 d4 22. Bf4 Rbc8 23. Bb5 Kf8 24. b3 Ke7 25. Kf2 f6 26. exf6+ gxf6 27. Re1+ Kf7 28. Bc4+ Kg6 29. Re6 Rf8 30. Be5 Kf5 31. Bxf6 Rce8 32. Rxe8 Rxe8 33. Bd3+ Kg4 34. Bxh7 Kh5 35. h3 Rf8 36. Bf5 a6 37. h4 b5 38. axb5 axb5 39. Kg2 d3 40. Kh3 1-0